Athletic Club Squad by Pictures - Statistics

General Stats
  • This quiz has been taken 18 times
  • The average score is 15 of 24
Answer Stats
Picture Answer % Correct
Nico Williams
89%
Ander Herrera
83%
Iñaki Williams
83%
Oihan Sancet
83%
Unai Simón
83%
Mikel Vesga
78%
Óscar de Marcos
78%
Yuri Berchiche
78%
Álex Berenguer
72%
Álvaro Djaló
72%
Dani Vivian
67%
Gorka Guruzeta
67%
Iñigo Lekue
67%
Beñat Prados
61%
Unai Gómez
61%
Unai Núñez
61%
Yeray Álvarez
61%
Aitor Paredes
56%
Andoni Gorosabel
56%
Javier Martón
50%
Mikel Jauregizar
50%
Nico Serrano
44%
Iñigo Ruiz de Gallareta
6%
Julen Aggirezabala
0%
No matching quizzes found
Score Distribution
Percent of People with Each Score
Percentile by Number Answered
Your Score History
You have not taken this quiz